Studying the Built Environment (Record no. 430)

MARC details
000 -LEADER
fixed length control field 00211 a2200097 4500
020 ## - INTERNATIONAL STANDARD BOOK NUMBER
International Standard Book Number 9780333969199
100 ## - MAIN ENTRY--PERSONAL NAME
Personal name Temple
245 ## - TITLE STATEMENT
Title Studying the Built Environment
260 ## - PUBLICATION, DISTRIBUTION, ETC.
Name of publisher, distributor, etc. Pan MacMillan
Date of publication, distribution, etc. 2002
942 ## - ADDED ENTRY ELEMENTS (KOHA)
Source of classification or shelving scheme Dewey Decimal Classification
Koha item type
Holdings
Withdrawn status Lost status Damaged status Not for loan Collection Home library Current library Shelving location Date acquired Barcode Date last seen Price effective from Koha item type
        Reference Centerville Centerville General stacks 12/04/2014 39999000018998 12/04/2014 12/04/2014 Books